| 000 | 01261cam a2200301 4500 | ||
|---|---|---|---|
| 001 | 801719 | ||
| 003 | OSt | ||
| 005 | 20230703093602.0 | ||
| 008 | 691125s1969 ncu 101 0 eng | ||
| 010 | _a 75079965 | ||
| 020 | _a0822300222 | ||
| 040 |
_aDLC _cDLC _dDLC |
||
| 043 | _ad------ | ||
| 050 | 0 | 0 |
_aJF60 _b.P63 |
| 082 | 0 | 0 |
_a350 _bBRA |
| 245 | 0 | 0 |
_aPolitical and administrative development _c[by] Ralph Braibanti [and others] Edited by Ralph Braibanti. |
| 260 |
_aDurham, N.C., _bPublished for the Duke University Commonwealth-Studies Center [by] Duke University Press, _c1969. |
||
| 300 |
_axxvii, 688 p. _c24 cm. |
||
| 490 | 1 | _aCommonwealth-Studies Center. Publication 36 | |
| 500 | _aRevisions of papers presented at an international conference sponsored by the Duke University Commonwealth-Studies Center and held in Bellagio, Italy, July 16-22, 1967. | ||
| 650 | 0 |
_aPublic administration _zDeveloping countries. |
|
| 651 | 0 |
_aDeveloping countries _xPolitics and government. |
|
| 700 | 1 |
_aBraibanti, Ralph J. D., _eed. |
|
| 710 | 2 |
_aDuke University. _bCommonwealth-Studies Center. |
|
| 830 | 0 |
_aPublication (Duke University. Commonwealth-Studies Center) ; _vno. 36. |
|
| 906 |
_a7 _bcbc _corignew _du _encip _f19 _gy-gencatlg |
||
| 942 |
_2ddc _cBK |
||
| 999 |
_c3161 _d3161 |
||